书目信息 |
| 题名: |
白鹿原
|
|
| 作者: | 陈忠实, 著 | |
| 分册: | ||
| 出版信息: | 北京 人民文学出版社 1993.06 |
|
| 页数: | 697页 | |
| 开本: | 21cm | |
| 丛书名: | ||
| 单 册: | ||
| 中图分类: | I247.57 | |
| 科图分类: | ||
| 主题词: | 长篇小说--chang pian xiao shuo--中国--当代 | |
| 电子资源: | ||
| ISBN: | 978-7-02-009029-7 | |
| 000 | 00746nam0 2200217 450 | |
| 001 | CAL 01010042919 | |
| 005 | 20171211114427.58 | |
| 010 | @a978-7-02-009029-7@b精装@dCNY39.00 | |
| 100 | @a20160615d1993 em y0chiy50 ea | |
| 101 | 0 | @achi |
| 102 | @aCN@b110000 | |
| 105 | @aa z 000ay | |
| 200 | 1 | @a白鹿原@Abai lu yuan@f陈忠实著 |
| 210 | @a北京@c人民文学出版社@d1993.06 | |
| 215 | @a697页@c图@d21cm | |
| 330 | @a白嘉轩后来引以为豪的是一生里娶过七房女人。娶头房媳妇时他刚过十六岁生日。那是西原上巩家村大户巩增荣的头女儿, 比他大两岁…… | |
| 606 | 0 | @a长篇小说@Achang pian xiao shuo@y中国@z当代 |
| 690 | @aI247.57@v5 | |
| 701 | 0 | @a陈忠实,@AChenzhongshi@f1942-@4著 |
| 801 | 0 | @aCN@c20160615 |
| 905 | @a河南城建学院图书馆@dI247.57@eC656-2@f3 | |
| 白鹿原/陈忠实著.-北京:人民文学出版社,1993.06 |
| 697页:图;21cm |
| ISBN 978-7-02-009029-7(精装):CNY39.00 |
| 白嘉轩后来引以为豪的是一生里娶过七房女人。娶头房媳妇时他刚过十六岁生日。那是西原上巩家村大户巩增荣的头女儿, 比他大两岁…… |
| ● |
| 相关链接 |
|
|
|
正题名:白鹿原
索取号:I247.57/C656-2
 
预约/预借
| 序号 | 登录号 | 条形码 | 馆藏地/架位号 | 状态 | 备注 |
| 1 | 1237398 | 212373983 | 电气与控制工程学院资料室/ [索取号:I247.57/C656-2] | 在馆 | |
| 2 | 1278057 | 212780579 | 文学库108/108文学库 998排3列1层/ [索取号:I247.57/C656-2] |
已借出,限还日期为2026.05.17 借出人:张振东 |
|
| 3 | 1278058 | 212780588 | 自科二线404/108文学库 47排3列1层/ [索取号:I247.57/C656-2] | 在馆 | |
| 4 | 1278059 | 212780597 | 文学库108/108文学库 48排7列2层/ [索取号:I247.57/C656-2] | 在馆 |